000 00414nam a2200169Ia 4500
008 231221s9999 xx 000 0 und d
020 _a9790000000000
041 _aEnglish
082 _a001.642 PAL;
100 _aPalmer, Michael Walter, Michael
245 0 _aGuide to operating systems
260 _c2007
_bThomson
300 _axxi+697
300 _c47228
650 _aoperating,systems
942 _cCD
999 _c203748
_d203748